| 000 | 01145nam a22003857a 4500 | ||
|---|---|---|---|
| 001 | 0026490 | ||
| 003 | KOHA_MİRAKIL | ||
| 005 | 20260207002529.0 | ||
| 007 | ta | ||
| 008 | 101112b2002 tu |||gr||||#||||0|tur | | ||
| 020 |
_a975654404X _c3,13 |
||
| 040 |
_aTR-BiSEU _btur _cTR-BiSEU _erda |
||
| 041 | 0 | _atur | |
| 044 | _ctu | ||
| 050 |
_aDS26 _b.B64 2002 |
||
| 100 | 1 | _aBoğuşlu, Mahmut. | |
| 245 | 1 |
_aTürk Tarihi ve Coğrafyası Üzerine / _cMahmut Boğuşlu ; Mahmut Boğuşlu. |
|
| 264 | 1 |
_aİstanbul : _bKastaş Yayınları _c2002 |
|
| 300 | _a92 sayfa; 21 cm. | ||
| 336 |
_ametin _btxt _2rdacontent |
||
| 337 |
_aaracısız _bn _2rdamedia |
||
| 338 |
_acilt _bnc _2rdacarrier |
||
| 500 | _aDizin var. | ||
| 500 | _aKaynakça var. | ||
| 650 | 0 |
_aTürkler--Tarih. _96925 |
|
| 650 | 0 |
_aTürk halkları--Tarih. _96926 |
|
| 650 | 0 |
_aTürkiye--Tarih--1453-1683. _912810 |
|
| 650 | 0 |
_aTürkiye--Tarih. _94893 |
|
| 650 | 0 |
_aTurks--History. _99161 |
|
| 650 | 0 |
_aTurkic peoples--History. _912187 |
|
| 650 | 0 |
_aTurkey-- History--1453-1683. _952600 |
|
| 650 | 0 |
_aTurkey--History. _95455 |
|
| 650 | 0 |
_a _95500 |
|
| 942 |
_2lcc _cBK |
||
| 999 |
_c26429 _d26429 |
||